Central Library OPAC University of Rajshahi

Loving nature : (Record no. 34960)

MARC details
000 -LEADER
fixed length control field 00880nam a22002774a 4500
001 - CONTROL NUMBER
control field 34960
003 - CONTROL NUMBER IDENTIFIER
rucl marc code BD-RjUL
005 - DATE AND TIME OF LATEST TRANSACTION
control field 20211209052234.0
008 - FIXED-LENGTH DATA ELEMENTS--GENERAL INFORMATION
fixed length control field 140520r20062002enka b 001 0 eng d
020 ## - INTERNATIONAL STANDARD BOOK NUMBER
International Standard Book Number 0415253535 (hbk)
International Standard Book Number 0415253543 (pbk.)
035 ## - SYSTEM CONTROL NUMBER
System control number (BD-RjUL)35054
040 ## - CATALOGING SOURCE
Original cataloging agency DLC
Transcribing agency DLC
Modifying agency DLC
-- BD-RjUL
Language of cataloging eng
041 ## - LANGUAGE CODE
Language code of text/sound track or separate title eng
082 00 - DEWEY DECIMAL CLASSIFICATION NUMBER
Classification number 304.2
Edition number 21
Author mark and year MIL 2006
100 1# - MAIN ENTRY--PERSONAL NAME
Personal name Milton, Kay,
Dates associated with a name 1951-
9 (RLIN) 106431
245 10 - TITLE STATEMENT
Title Loving nature :
Remainder of title towards an ecology of emotion /
Statement of responsibility, etc. Kay Milton.
260 ## - PUBLICATION, DISTRIBUTION, ETC. (IMPRINT)
Place of publication, distribution, etc. London ;
-- New York :
Name of publisher, distributor, etc. Routledge,
Date of publication, distribution, etc. 2002 [reprinted 2006].
300 ## - PHYSICAL DESCRIPTION
Pagination x, 182 p. :
Illustrations ill. ;
Size 24 cm.
504 ## - BIBLIOGRAPHY, ETC. NOTE
Bibliography, etc Includes bibliographical references (p. 159-172) and index.
650 #0 - SUBJECT ADDED ENTRY--TOPICAL TERM
Topical term or geographic name as entry element Nature
General subdivision Psychological aspects.
9 (RLIN) 106432
Topical term or geographic name as entry element Environmental psychology.
9 (RLIN) 4194
942 ## - ADDED ENTRY ELEMENTS (KOHA)
Source of classification or shelving scheme Dewey Decimal Classification
Koha item type Books
Holdings
Lost status Source of classification or shelving scheme Damaged status Not for loan Collection code Permanent Location Current Location Shelving location Date acquired Source of acquisition Cost, normal purchase price Total Checkouts Full call number Date last seen Copy number Koha item type
  Dewey Decimal Classification   Not For Loan Non-fiction Central Library, University of Rajshahi Central Library, University of Rajshahi Reading Room 12/07/2009 Ahsania Mission, Dhaka. 2453.57   304.2 MIL 2006 20/05/2014 C-1 Books